Matteo Renzi - Statistics

Statistiche generali
  • Questo quiz è stato fatto 33 volte
  • Il punteggio medio è 3 su 5
Statistiche sulle risposte
Anni Carica ricoperta % Corretto
2014-2016 Presidente del consiglio dei ministri
80%
2018- Senatore
77%
2009-2014 Sindaco di Firenze
70%
2004-2009 Presidente della Provincia di Firenze
37%
2014-2014 Presidente del consiglio dell'Unione Europea
20%
Nessun quiz corrispondente trovato
Distribuzione punteggi
Percentuale di utenti per punteggio
Percentile per numero di risposta
I tuoi punteggi nel tempo
Non hai fatto questo quiz